Frederick Douglass fights for freedom / (Record no. 878)

MARC details
000 -LEADER
fixed length control field 00986nam a22002657a 4500
005 - DATE AND TIME OF LATEST TRANSACTION
control field 20230713113836.0
020 ## - INTERNATIONAL STANDARD BOOK NUMBER
International Standard Book Number 0590422189
040 ## - CATALOGING SOURCE
Original cataloging agency IAF
Transcribing agency IAF
Modifying agency TCA
-- OCLCQ
-- DLC
Language of cataloging eng
050 00 - LIBRARY OF CONGRESS CALL NUMBER
Classification number CPB Box no. 1528 vol. 36
082 ## - DEWEY DECIMAL CLASSIFICATION NUMBER
Classification number 973.80924
100 1# - MAIN ENTRY--PERSONAL NAME
Personal name Davidson, Margaret,
Dates associated with a name 1936-
245 10 - TITLE STATEMENT
Title Frederick Douglass fights for freedom /
Statement of responsibility, etc. Margaret Davidson [i.e. Mickie Davidson]; pictures by Eleanor Mill.
260 ## - PUBLICATION, DISTRIBUTION, ETC.
Place of publication, distribution, etc. New York :
Name of publisher, distributor, etc. Scholastic,
Date of publication, distribution, etc. 1968.
300 ## - PHYSICAL DESCRIPTION
Extent 80 pages :
Other physical details illustrations ;
Dimensions 20 cm.
505 ## - FORMATTED CONTENTS NOTE
Formatted contents note J <br/>
520 ## - SUMMARY, ETC.
Summary, etc. A biography of the man who, after escaping slavery, became an orator, writer, and leader in the anit-slavery movement of the early 19th century.
521 ## - TARGET AUDIENCE NOTE
Target audience note 440<br/>
Source Lexile <br/>
521 ## - TARGET AUDIENCE NOTE
Target audience note J <br/>
Source Raz-Plus <br/>
650 ## - SUBJECT ADDED ENTRY--TOPICAL TERM
Topical term or geographic name entry element biography
Form subdivision African American
General subdivision slavery
650 ## - SUBJECT ADDED ENTRY--TOPICAL TERM
Topical term or geographic name entry element biographies
Form subdivision civil rights
906 ## - LOCAL DATA ELEMENT F, LDF (RLIN)
a 7
b cbc
c copycat
d 2
e ncip
f 19
g y-genrareb
942 ## - ADDED ENTRY ELEMENTS (KOHA)
Source of classification or shelving scheme Dewey Decimal Classification
Koha item type Books
Suppress in OPAC No
999 ## -
-- 878
-- 878
Holdings
Withdrawn status Lost status Source of classification or shelving scheme Damaged status Not for loan Collection Home library Current library Shelving location Date acquired Total Checkouts Full call number Barcode Date last seen Price effective from Koha item type
    Dewey Decimal Classification     Non-Fiction Footprints International School Library Network Toul Kork Campus Footprints International School Library Network Toul Kork Campus A TK Campus, 4th Floor, Room B401, Non-Fiction Bookcases(7-8) 07/13/2023   DAV 973.80924 E449.D75 FISTK00357 07/13/2023 07/13/2023 Books